000
00310nam a22001337a 4500
020
_a
0-08-023833-5
082
_a
662.2 FOR'H
100
_a
FORDHAM, S
_9
74582
245
_a
HIGH EXPLOSIVES AND PROPELLANTS
260
_a
OXFORD
_b
PERGMAN
_c
1980
300
_a
207P
650
_a
EXPLOSIVES
_9
44786
942
_c
BK
999
_c
580096
_d
580096